000
00282nam a22001217a 4500
008
181012b xxu||||| |||| 00| 0 eng d
041
_a
eng
080
_a
574
100
_a
9
101
_a
MJE
245
_a
Science and Technology in the Feed Industry
_c
Lyons, T.P
942
_2
udc
_c
BK
999
_c
49494
_d
49494